000 01058cam a22003497a 4500
003 CHAP
005 20220817042544.0
008 971013s1971 r 00010 d
010 _a47994
011 _a48966
035 _a53114
040 _cCHAP
090 _aFolleto 9770
100 0 0 _aVasconcelos, Rubén.
_9118178
245 1 4 _aLos factores ergonómicos del trabajo
260 _aMéxico, D.F. :
_bARMO,
_c1971-19
300 _av.
_b: ilus.
490 0 _aCol. Ergonomía
500 _aLa bibliotec tiene: v.1 Factor Humano
590 _aBATCH-UPD
_b10
_c20130110
_lUCH01
_h1705
590 _aBATCH-UPD
_b10
_c20130410
_lUCH01
_h1052
590 _aBATCH-UPD
_b10
_c20130914
_lUCH01
_h1603
590 _aCONVERSION
_b10
_c20130109
_lUCH01
_h1326
650 1 4 _aErgonomía.
_937295
650 1 4 _aPersonal
_xAdministración de.
_987325
650 1 4 _aRecursos humanos.
_995137
650 1 4 _aTrabajo y trabajadores.
830 0 _aCol. Ergonomía
_924552
901 _aBK
942 _cFOLL
949 _aFolleto 9770
_bBC
_cFOLL
_d-117964
_eTS1
_i53114
_mD
_si
999 _c47994
_d47994